000 00593nam1a22002051i 4500
001 rc\2897629
005 20240723194722.0
035 _a(NLR Aleph) 007049230
090 _a6174102
_c6174102
100 _a20110728d1927 |||y0rusy50 ca
101 0 _arus
102 _aRU
105 _ay j |||||
200 1 _aУчебная книга по русскому языку для тюркских школ I-й ступени
_e[Ч. I] -
210 _aБаку
_cАзГИЗ
_d1927
215 _d27 см
801 0 _aRU
_bNLR
_gpsbo
801 1 _aRU
_bELAR
_2rusmarc
852 _aNLR
_j47/357
942 _cBOOK